000 00528nam a22001577a 4500
003 macl
005 20181003132730.0
008 181003b xxu||||| |||| 00| 0 eng d
040 _cmacl
082 _a398
100 _aगुप्‍ता,डॉ. सरोज
_972964
245 _aलोकजीवन में बुन्‍देलखण्‍ड
260 _aइलाहाबाद
_bअस्मिता प्रकाशन
_c2014
650 _aलोकसाहित्‍य
_949528
942 _2ddc
_cHIN
999 _c58370
_d58370